=LDR 00000nam 2200000 4500 =001 INLIS000000000042957 =005 20131008101204 =008 ***********************************Ind** =035 ##$$0010-101300000000879 =041 ##$$a Ind =082 ##$$a 613 =090 ##$$a 613, Dan m =100 ##$$a Danusukarto,Sukoco =245 ##$$a Masalah kesehatan sehari-hari, oleh Sukotjo Danusukarto =260 ##$$a 1989 $b Jakarta =300 ##$$a x,195 hlm, 20 cm =650 ##$$a Kesehatan Keluarga =850 ##$$a NBPNMAT